000 00865cam a2200277 4500
001 1814263
003 ARRUPE
005 20220517090313.0
008 740208s1974 nyub b 001 0 eng
010 _a 79149969
020 _a0275331606
_a0275846007 (pbk.)
040 _aDLC
_cDLC
_dDLC
043 _af------
050 0 0 _aJQ1872
_b.R8
082 0 0 _a320.9/6/03
100 1 _aRubin, Leslie.
_951599
245 1 0 _aIntroduction to African politics: a continental approach
_c[by] Leslie Rubin and Brian Weinstein.
260 _aNew York,
_bPraeger
_c[1974]
300 _ax, 326 p.
_bmap.
_c24 cm.
504 _aBibliography: p. 307-318.
651 0 _aAfrica
_xPolitics and government.
700 1 _aWeinstein, Brian,
_ejoint author.
_951600
740 _aAfrican politics.
906 _a7
_bcbc
_corignew
_d1
_encip
_f19
_gy-gencatlg
942 _2lcc
_cMONOGRAPH
999 _c131431
_d131431